• 首页
  • 本馆介绍
  • 公告通知
  • 最新文献
  • 馆藏检索
  • 电子资源
  • 读者导购
  • 参考咨询
  • 我的图书馆
  • 登录
  • 详细信息显示
  • 放入我的书架
  • 预约/预借图书
  • 作者相关作品
  • 分类相关作品
  • 丛书相关作品
  • 出版社相关作品

书目信息

  • 表格格式
  • 工作单格式
  • 卡片格式
题名:
中国旅游地理
    
 
作者: 王聚贤 主编 ;张朝辉 , 梁少祯 参编
分册:  
出版信息: 北京   北京理工大学出版社  2012.9
页数: 236页
开本: 26cm
丛书名:
单 册:
中图分类: F592.99
科图分类:
主题词: 旅游地理学--中国--高等学校--教材
电子资源:
ISBN: 978-7-5640-6778-6
000 01092nam0 2200277 45
001 1355699577
005 20130515145502.15
010    @a978-7-5640-6778-6@dCNY42.00
100    @a20130108d2012 em y0chiy0121 ea
101 0  @achi
102    @aCN@b110000
105    @aa a 000yy
106    @ar
200 1  @a中国旅游地理@AZhong Guo Lu^ You Di Li@f王聚贤主编@FWang Ju Xian Zhu Bian@g梁少祯, 张朝辉参编
210    @a北京@c北京理工大学出版社@d2012.9
215    @a236页@c图@d26cm
300    @a面向“十二五”高等教育课程改革项目研究成果
320    @a有书目
330    @a本书注重对学生实践技能的培养这一重要原则, 分为两大模块: 模块一为旅游地理学的研究对象和研究内容、旅游地理区划; 模块二则介绍了东北旅游区、黄河中下游旅游区、华东旅游区、华中旅游区、华南旅游区、西南旅游区、西北旅游区和青藏旅游区的旅游地理知识。
606 0  @a旅游地理学@y中国@x高等学校@j教材
690    @aF592.99@v5
701  0 @a王聚贤@AWang Ju Xian@4主编
702  0 @a张朝辉@AZhang Chao Hui@4参编
702  0 @a梁少祯@ALiang Shao Zhen@4参编
801    @aCN@bTANGWEI@c20130111
905    @b0831692-96@dF592.99@e366@f5
    
    中国旅游地理/王聚贤主编/梁少祯, 张朝辉参编.-北京:北京理工大学出版社,2012.9
    236页:图;26cm
    面向“十二五”高等教育课程改革项目研究成果
    
    ISBN 978-7-5640-6778-6:CNY42.00
    本书注重对学生实践技能的培养这一重要原则, 分为两大模块: 模块一为旅游地理学的研究对象和研究内容、旅游地理区划; 模块二则介绍了东北旅游区、黄河中下游旅游区、华东旅游区、华中旅游区、华南旅游区、西南旅游区、西北旅游区和青藏旅游区的旅游地理知识。
●
相关链接 在E读中查询图书 在五车中查询图书 在当当中查询图书 在豆瓣中查询图书


正题名:中国旅游地理     索取号:F592.99/366         预约/预借

序号 登录号 条形码 馆藏地/架位号 状态 备注
1 0831692   208316927   第一样本阅览室/ [索取号:F592.99/366] 在馆    
2 0831693   208316936   密集书库-资源管理系/ [索取号:F592.99/366] 在馆    
3 0831694   208316945   第一借阅区/ [索取号:F592.99/366] 在馆    
4 0831695   208316954   第一借阅区/ [索取号:F592.99/366] 在馆    
5 0831696   208316963   第一借阅区/ [索取号:F592.99/366] 在馆    
唐山师范学院图书馆 欢迎您!
大连网信软件有限公司© 版权所有